00921nam a2200217Ia 4500003000200000005001700002008004100019050003000060100002800090245008600118260009000204300002800294504004300322650004000365650003100405650004300436650004900479942001400528999001900542952014200561020250131142703.0150126s9999 xx 000 0 und d aPGS GV 1469.3b.D488 2014 aDevaras, John Albert C. aVideo gaming and study habits of SISC grade 6 students /cJohn Albert C. Devaras. aLas Piñas City, Philippines :bSouthville International School and Colleges,c2014. a36 p. :bill. ;c28 cm. aIncludes bibliographical references.  aVideo gamesvPsychological aspects. a Video games and children. aLearning and study skills in children. aAcademic performancevPsychological aspects. 2lcccPASS c278575d278575 00102lcc40aLUXbLUXcPASSd2042-02-06eDONATIONl1oPGS GV 1469.3 .D488 2014pP3231r2015-04-17 00:00:00s2015-04-17w2015-01-26yPASS